000 00465nam a22001217a 4500
999 _c6950
_d6950
008 200408b ||||| |||| 00| 0 eng d
020 _a9987-615-05-8
245 _aStatus Report:
_bProgress Towards the Goals for Growth, Social Well-being.../
_cMinistry of Planning, Economy and Empowerment.-
_hEnglish.
260 _aDar Es Salaam:
_bMinistry of Planning, Economy and Empowerment,
_c2006.
300 _avii, 46p;
_bill;
_c26cm.-
650 _2POVERTY
942 _2ddc
_cBOOKS